000 00649cam a2200253I 4500
999 _c5376
_d5376
001 31152
003 GBCCL
005 20241126110540.0
008 780706s1954 xx 000 0 eng
010 _a 54005573
035 _a(OCoLC)04028662
040 _aDLC
_cCSM
_dOCL
049 _aLBBK
050 _aBV600
_b.N46
082 _a261
_bNEW
092 _a250
_bN534
100 1 _aNewbigin, Lesslie.
_94867
245 1 4 _aThe household of God;
_blectures on the nature of the church.
260 _aNew York,
_bFriendship Pr.
_c[1954]
300 _a177p
_c28cm
490 0 _aThe Kerr lectures, 1952
650 0 _aChurch.
_9263
942 _2ddc
_cBK